Global ecology

Αποθηκεύτηκε σε:
Λεπτομέρειες βιβλιογραφικής εγγραφής
Κύριος συγγραφέας: Budyko, M. I. (Mikhail Ivanovich)
Μορφή: Βιβλίο
Γλώσσα:English
Δημοσίευση: Moscow : Progress, 1980
Θέματα:
Ετικέτες: Προσθήκη ετικέτας
Δεν υπάρχουν, Καταχωρήστε ετικέτα πρώτοι!

MARC

LEADER 00000nam a2200000 i 4500
001 1/75427
008 970116s1980 eng d
035 |l 10003756 
040 |a GR-MY-UA  |b gre  |e aacr 
041 0 |a eng 
082 0 |a 574.5 
100 1 |a Budyko, M. I.  |q (Mikhail Ivanovich) 
245 1 0 |a Global ecology /  |c M. I. Budyko 
260 |a Moscow :   |b Progress,   |c 1980 
300 |a 323 p. 
500 |a Translated from the russian 
650 0 0 |a Ecology. 
852 |a INST  |b LESVOS  |e 19970116  |h 574.5 BUD  |p 005100012277  |q 005100012277  |t BK  |y 0 
909 |a Λ  |b 03910